000 00793nam a2200241 a 4500
001 000042426
005 20250429112052.0
008 131129s1995 sp 000 0 spa d
020 _a8433913956
040 _aDO-SdBNP
_bspa
_cBNPHU
082 _a930
_bG216a
100 1 _aGarcía Gual, Carlos
_921909
245 1 3 _aLa Antigüedad novelada :
_blas novelas históricas sobre el mundo griego y romano /
_cCarlos García Gual.
260 _aBarcelona, :
_bAnagrama,
_c1995.
300 _a276 p. ;
_c23 cm.
490 1 _aArgumentos
650 0 _aHistoria antigua
_918158
650 4 _aNovela historica
_xHistoria y crítica
_969556
650 4 _aGrecia en literatura
_969557
650 4 _aRoma en literatura
_969558
830 0 _aArgumentos
_98962
910 _aValidado. Control de calidad MFF
999 _c41915
_d41915